Sham Rangi Kuri \ (Record no. 526328)

000 -LEADER
fixed length control field 00440nam a22001817a 4500
003 - CONTROL NUMBER IDENTIFIER
control field NUST
020 ## - INTERNATIONAL STANDARD BOOK NUMBER
International Standard Book Number -
038 ## - RECORD CONTENT LICENSOR
Staff Name Zafar Malik
082 ## - DEWEY DECIMAL CLASSIFICATION NUMBER
Classification number 891.42
Author Mark NAW
100 ## - MAIN ENTRY--PERSONAL NAME
Personal name Nawaz
9 (RLIN) 14493
245 ## - TITLE STATEMENT
Title Sham Rangi Kuri \
Statement of responsibility, etc. Nawaz
260 ## - PUBLICATION, DISTRIBUTION, ETC.
Place of publication, distribution, etc. Lahore :
Name of publisher, distributor, etc. Pakistan Punjabi Adbi Board ;
Date of publication, distribution, etc. 1983.
300 ## - PHYSICAL DESCRIPTION
Extent 168 p. ;
500 ## - GENERAL NOTE
General note Paperback
880 ## - ALTERNATE GRAPHIC REPRESENTATION
Linkage 100-02\r
Title نواز
880 ## - ALTERNATE GRAPHIC REPRESENTATION
Linkage 245-02\r
Title شام رنگی کڑی
942 ## - ADDED ENTRY ELEMENTS (KOHA)
Source of classification or shelving scheme
Koha item type Book
Holdings
Withdrawn status Lost status Source of classification or shelving scheme Damaged status Not for loan Permanent Location Current Location Shelving location Date acquired Total Checkouts Full call number Barcode Date last seen Price effective from Koha item type
          Central Library (CL) Central Library (CL) Punjabi Literature 07/10/2019   891.42 NAW CL-E-1122 07/10/2019 07/10/2019 Book
© 2023 Central Library, National University of Sciences and Technology. All Rights Reserved.